Capitales d'Eurasie - Quiz - Statistiques

Statistiques générales
  • Ce quiz a été pris 105 fois
  • Le résultat moyen est 72 sur 93
Réponses sur la Carte
Les réponses sont colorées sur une échelle allant du rouge au vert en fonction du pourcentage des utilisateurs qui les ont devinées à leur premier essai. Vous pouvez retrouver ces pourcentages ci-dessous.
 
Statistiques - réponses
Capitale % Correct
Paris
97%
Lisbonne
96%
Moscou
96%
Madrid
94%
Pékin
93%
Amsterdam
91%
Rome
91%
Athènes
90%
Berlin
90%
Bruxelles
90%
Dublin
90%
Helsinki
90%
Londres
90%
Luxembourg
90%
Monaco
90%
Séoul
90%
Tokyo
90%
Vatican
90%
Andorre-la- Vieille
88%
Berne
88%
Bucarest
88%
Kiev
88%
New Delhi
88%
Oslo
88%
Saint-Marin
88%
Stockholm
88%
Varsovie
88%
Vienne
88%
Zagreb
88%
Ankara
87%
Budapest
87%
La Valette
87%
Reykjavik
87%
Sofia
87%
Bagdad
85%
Pyongyang
85%
Vaduz
85%
Vilnius
85%
Copenhague
84%
Minsk
84%
Prague
84%
Sarajevo
84%
Singapour
84%
Tallinn
84%
Tirana
84%
Jérusalem
82%
Kaboul
82%
Nicosie
82%
Oulan-Bator
82%
Riga
82%
Téhéran
82%
Bratislava
81%
Doha
81%
Riyad
81%
Beyrouth
79%
Jakarta
79%
Koweït
79%
Ljubljana
79%
Pristina
79%
Belgrade
78%
Chișinău
78%
Manille
78%
Skopje
78%
Bangkok
75%
Damas
75%
Podgorica
75%
Abou Dabi
74%
Bakou
74%
Erevan
74%
Islamabad
72%
Tbilissi
69%
Dacca
68%
Hanoï
68%
Taipei
68%
Astana
66%
Katmandou
65%
Kuala Lumpur
65%
Amman
63%
Sanaa
62%
Phnom Penh
60%
Vientiane
57%
Bichkek
54%
Mascate
54%
Malé
51%
Manama
51%
Sri Jayawarde- -nepura Kotte
49%
Bandar Seri Begawan
47%
Dili
47%
Thimphou
46%
Achgabat
44%
Douchanbé
44%
Tachkent
44%
Naypyidaw
40%
Aucun quiz correspondant
Distribution des résultats
% des personnes avec chaque résultat
Percentile par nombre de réponses
Votre historique - résultats
Vous n’avez pas pris ce quiz